<?xml version="1.0" encoding="UTF-8"?>
<record
    xmlns:xsi="http://www.w3.org/2001/XMLSchema-instance"
    xsi:schemaLocation="http://www.loc.gov/MARC21/slim http://www.loc.gov/standards/marcxml/schema/MARC21slim.xsd"
    xmlns="http://www.loc.gov/MARC21/slim">

  <leader>01854nas a2200301 i 4500</leader>
  <controlfield tag="001">47606</controlfield>
  <controlfield tag="003">DR-UNIBE</controlfield>
  <controlfield tag="005">20260316154929.0</controlfield>
  <controlfield tag="007">ta</controlfield>
  <controlfield tag="008">260316e2007    dr bn|p|r||||||0| ||spa d</controlfield>
  <datafield tag="040" ind1=" " ind2=" ">
    <subfield code="a">BIBLIOTECA UNIBE</subfield>
    <subfield code="c">DO-SdBNP</subfield>
    <subfield code="b">spa</subfield>
    <subfield code="e">rda</subfield>
  </datafield>
  <datafield tag="041" ind1=" " ind2=" ">
    <subfield code="a">spa</subfield>
  </datafield>
  <datafield tag="110" ind1=" " ind2=" ">
    <subfield code="a">Rep&#xFA;blica Dominicana. Procuradur&#xED;a General de la Rep&#xFA;blica</subfield>
    <subfield code="9">80921</subfield>
    <subfield code="b">Ministerio P&#xFA;blico</subfield>
  </datafield>
  <datafield tag="245" ind1="1" ind2="0">
    <subfield code="a">Ministerio p&#xFA;blico : </subfield>
    <subfield code="b">&#xF3;rgano de Difusi&#xF3;n de la Procuradur&#xED;a General de la Rep&#xFA;blica.</subfield>
  </datafield>
  <datafield tag="264" ind1=" " ind2=" ">
    <subfield code="a">Santo Domingo, Rep&#xFA;blica Dominicana : </subfield>
    <subfield code="b">Procuradur&#xED;a General de la Rep&#xFA;blica Dominicana,</subfield>
    <subfield code="c">2007.</subfield>
  </datafield>
  <datafield tag="300" ind1=" " ind2=" ">
    <subfield code="a">volumen : </subfield>
    <subfield code="b">ilustraciones, fotograf&#xED;as, gr&#xE1;ficas </subfield>
    <subfield code="c">30.4 cm.</subfield>
  </datafield>
  <datafield tag="310" ind1=" " ind2=" ">
    <subfield code="a">Bimestral.</subfield>
  </datafield>
  <datafield tag="336" ind1=" " ind2=" ">
    <subfield code="a">texto </subfield>
    <subfield code="b">txt </subfield>
    <subfield code="2">rdacontent</subfield>
  </datafield>
  <datafield tag="337" ind1=" " ind2=" ">
    <subfield code="a">sin mediaci&#xF3;n </subfield>
    <subfield code="b">n </subfield>
    <subfield code="2">rdamedia</subfield>
  </datafield>
  <datafield tag="338" ind1=" " ind2=" ">
    <subfield code="a">volumen </subfield>
    <subfield code="b">nc </subfield>
    <subfield code="2">rdacarrier</subfield>
  </datafield>
  <datafield tag="362" ind1=" " ind2=" ">
    <subfield code="a">A&#xF1;o 1. No.1, agosto 2007.</subfield>
  </datafield>
  <datafield tag="500" ind1=" " ind2=" ">
    <subfield code="a">Catalogaci&#xF3;n basada en el: A&#xF1;o 1. No.1, agosto 2007.</subfield>
  </datafield>
  <datafield tag="520" ind1=" " ind2=" ">
    <subfield code="a">El Ministerio P&#xFA;blico es el organismo del sistema de justicia responsable de la formulaci&#xF3;n e implementaci&#xF3;n de la pol&#xED;tica del Estado contra la criminalidad, dirige la investigaci&#xF3;n penal y ejerce la acci&#xF3;n penal p&#xFA;blica en representaci&#xF3;n de la sociedad. En el ejercicio de sus funciones, el Ministerio P&#xFA;blico respeta la Constituci&#xF3;n y el ordenamiento jur&#xED;dico dictado conforme a &#xE9;sta, garantiza los derechos fundamentales que asisten a las personas, defiende el inter&#xE9;s p&#xFA;blico tutelado por la ley, promueve la resoluci&#xF3;n alternativa de disputas y protege a las v&#xED;ctimas y testigos.
</subfield>
  </datafield>
  <datafield tag="650" ind1=" " ind2=" ">
    <subfield code="a">Derecho</subfield>
    <subfield code="9">600</subfield>
    <subfield code="v">Publicaciones peri&#xF3;dicas </subfield>
    <subfield code="z">Rep&#xFA;blica Dominicana</subfield>
  </datafield>
  <datafield tag="650" ind1=" " ind2="0">
    <subfield code="a">Fiscales</subfield>
    <subfield code="9">16562</subfield>
    <subfield code="v">Publicaciones peri&#xF3;dicas </subfield>
    <subfield code="z">Rep&#xFA;blica Dominicana</subfield>
  </datafield>
  <datafield tag="650" ind1=" " ind2="0">
    <subfield code="a">Administraci&#xF3;n de  justicia </subfield>
    <subfield code="9">10083</subfield>
    <subfield code="v">Publicaciones peri&#xF3;dicas </subfield>
    <subfield code="z">Rep&#xFA;blica Dominicana</subfield>
  </datafield>
  <datafield tag="942" ind1=" " ind2=" ">
    <subfield code="2">ddc</subfield>
    <subfield code="c">ISSUE</subfield>
  </datafield>
  <datafield tag="952" ind1=" " ind2=" ">
    <subfield code="0">0</subfield>
    <subfield code="1">0</subfield>
    <subfield code="2">ddc</subfield>
    <subfield code="4">0</subfield>
    <subfield code="5">6</subfield>
    <subfield code="7">0</subfield>
    <subfield code="8">SE</subfield>
    <subfield code="a">BNPHU</subfield>
    <subfield code="b">BNPHU</subfield>
    <subfield code="d">2026-03-16</subfield>
    <subfield code="h">A&#xF1;o 1. No.1, agosto 2007</subfield>
    <subfield code="l">0</subfield>
    <subfield code="p">2026-2242</subfield>
    <subfield code="r">2026-03-16</subfield>
    <subfield code="t">e.1</subfield>
    <subfield code="w">2026-03-16</subfield>
    <subfield code="y">ISSUE</subfield>
    <subfield code="z">La carrera del Ministerio P&#xFA;blico avanza y se consolidad.</subfield>
  </datafield>
  <datafield tag="952" ind1=" " ind2=" ">
    <subfield code="0">0</subfield>
    <subfield code="1">0</subfield>
    <subfield code="2">ddc</subfield>
    <subfield code="4">0</subfield>
    <subfield code="5">6</subfield>
    <subfield code="7">0</subfield>
    <subfield code="8">SE</subfield>
    <subfield code="a">BNPHU</subfield>
    <subfield code="b">BNPHU</subfield>
    <subfield code="d">2026-03-16</subfield>
    <subfield code="h">A&#xF1;o 1. No.1, agosto 2007</subfield>
    <subfield code="l">0</subfield>
    <subfield code="p">2026-2243</subfield>
    <subfield code="r">2026-03-16</subfield>
    <subfield code="t">e.2</subfield>
    <subfield code="w">2026-03-16</subfield>
    <subfield code="y">ISSUE</subfield>
    <subfield code="z">La carrera del Ministerio P&#xFA;blico avanza y se consolidad.</subfield>
  </datafield>
  <datafield tag="952" ind1=" " ind2=" ">
    <subfield code="0">0</subfield>
    <subfield code="1">0</subfield>
    <subfield code="2">ddc</subfield>
    <subfield code="4">0</subfield>
    <subfield code="5">6</subfield>
    <subfield code="7">0</subfield>
    <subfield code="8">SE</subfield>
    <subfield code="a">BNPHU</subfield>
    <subfield code="b">BNPHU</subfield>
    <subfield code="d">2026-03-16</subfield>
    <subfield code="h">A&#xF1;o 1. No.1, agosto 2007</subfield>
    <subfield code="l">0</subfield>
    <subfield code="p">2026-2244</subfield>
    <subfield code="r">2026-03-16</subfield>
    <subfield code="t">e.3</subfield>
    <subfield code="w">2026-03-16</subfield>
    <subfield code="y">ISSUE</subfield>
    <subfield code="z">La carrera del Ministerio P&#xFA;blico avanza y se consolidad.</subfield>
  </datafield>
  <datafield tag="952" ind1=" " ind2=" ">
    <subfield code="0">0</subfield>
    <subfield code="1">0</subfield>
    <subfield code="2">ddc</subfield>
    <subfield code="4">0</subfield>
    <subfield code="5">6</subfield>
    <subfield code="7">0</subfield>
    <subfield code="8">SE</subfield>
    <subfield code="a">BNPHU</subfield>
    <subfield code="b">BNPHU</subfield>
    <subfield code="d">2026-03-16</subfield>
    <subfield code="h">A&#xF1;o 1. No.2, octubre 2007</subfield>
    <subfield code="l">0</subfield>
    <subfield code="p">2026-2245</subfield>
    <subfield code="r">2026-03-16</subfield>
    <subfield code="t">e.1</subfield>
    <subfield code="w">2026-03-16</subfield>
    <subfield code="y">ISSUE</subfield>
    <subfield code="z">El Ministerio P&#xFA;blico en Santiago, presencia, solidez y liderazgo.</subfield>
  </datafield>
  <datafield tag="952" ind1=" " ind2=" ">
    <subfield code="0">0</subfield>
    <subfield code="1">0</subfield>
    <subfield code="2">ddc</subfield>
    <subfield code="4">0</subfield>
    <subfield code="5">6</subfield>
    <subfield code="7">0</subfield>
    <subfield code="8">SE</subfield>
    <subfield code="a">BNPHU</subfield>
    <subfield code="b">BNPHU</subfield>
    <subfield code="d">2026-03-16</subfield>
    <subfield code="h">A&#xF1;o 1. No.3, noviembre-diciembre 2007</subfield>
    <subfield code="l">0</subfield>
    <subfield code="p">2026-2246</subfield>
    <subfield code="r">2026-03-16</subfield>
    <subfield code="t">e.1</subfield>
    <subfield code="w">2026-03-16</subfield>
    <subfield code="y">ISSUE</subfield>
    <subfield code="z">Loora: Las Hermanas Mirabal</subfield>
  </datafield>
  <datafield tag="952" ind1=" " ind2=" ">
    <subfield code="0">0</subfield>
    <subfield code="1">0</subfield>
    <subfield code="2">ddc</subfield>
    <subfield code="4">0</subfield>
    <subfield code="5">6</subfield>
    <subfield code="7">0</subfield>
    <subfield code="8">SE</subfield>
    <subfield code="a">BNPHU</subfield>
    <subfield code="b">BNPHU</subfield>
    <subfield code="d">2026-03-16</subfield>
    <subfield code="h">A&#xF1;o 1. No.4, enero-febrero 2008</subfield>
    <subfield code="l">0</subfield>
    <subfield code="p">2026-2247</subfield>
    <subfield code="r">2026-03-16</subfield>
    <subfield code="t">e.1</subfield>
    <subfield code="w">2026-03-16</subfield>
    <subfield code="y">ISSUE</subfield>
    <subfield code="z">Cambio clim&#xE1;tico y pol&#xED;tica medioambiental de la Procuradur&#xED;a.</subfield>
  </datafield>
  <datafield tag="952" ind1=" " ind2=" ">
    <subfield code="0">0</subfield>
    <subfield code="1">0</subfield>
    <subfield code="2">ddc</subfield>
    <subfield code="4">0</subfield>
    <subfield code="5">6</subfield>
    <subfield code="7">0</subfield>
    <subfield code="8">SE</subfield>
    <subfield code="a">BNPHU</subfield>
    <subfield code="b">BNPHU</subfield>
    <subfield code="d">2026-03-16</subfield>
    <subfield code="h">A&#xF1;o 2. No.5, marzo-abril 2008</subfield>
    <subfield code="l">0</subfield>
    <subfield code="p">2026-2248</subfield>
    <subfield code="r">2026-03-16</subfield>
    <subfield code="t">e.1</subfield>
    <subfield code="w">2026-03-16</subfield>
    <subfield code="y">ISSUE</subfield>
    <subfield code="z">La Procuradur&#xED;a trabaja por Derechos de Ni&#xF1;ez y Adolescencia.</subfield>
  </datafield>
  <datafield tag="952" ind1=" " ind2=" ">
    <subfield code="0">0</subfield>
    <subfield code="1">0</subfield>
    <subfield code="2">ddc</subfield>
    <subfield code="4">0</subfield>
    <subfield code="5">6</subfield>
    <subfield code="7">0</subfield>
    <subfield code="8">SE</subfield>
    <subfield code="a">BNPHU</subfield>
    <subfield code="b">BNPHU</subfield>
    <subfield code="d">2026-03-16</subfield>
    <subfield code="h">A&#xF1;o 2. No.6, mayo-junio 2008</subfield>
    <subfield code="l">0</subfield>
    <subfield code="p">2026-2249</subfield>
    <subfield code="r">2026-03-16</subfield>
    <subfield code="t">e.1</subfield>
    <subfield code="w">2026-03-16</subfield>
    <subfield code="y">ISSUE</subfield>
    <subfield code="z">Vista al Valle, el nuevo modelo Penitenciario en San Francisco de Macor&#xED;s.</subfield>
  </datafield>
  <datafield tag="952" ind1=" " ind2=" ">
    <subfield code="0">0</subfield>
    <subfield code="1">0</subfield>
    <subfield code="2">ddc</subfield>
    <subfield code="4">0</subfield>
    <subfield code="5">6</subfield>
    <subfield code="7">0</subfield>
    <subfield code="8">SE</subfield>
    <subfield code="a">BNPHU</subfield>
    <subfield code="b">BNPHU</subfield>
    <subfield code="d">2026-03-16</subfield>
    <subfield code="h">A&#xF1;o 2. No.6, mayo-junio 2008</subfield>
    <subfield code="l">0</subfield>
    <subfield code="p">2026-2250</subfield>
    <subfield code="r">2026-03-16</subfield>
    <subfield code="t">e.2</subfield>
    <subfield code="w">2026-03-16</subfield>
    <subfield code="y">ISSUE</subfield>
    <subfield code="z">Vista al Valle, el nuevo modelo Penitenciario en San Francisco de Macor&#xED;s.</subfield>
  </datafield>
  <datafield tag="952" ind1=" " ind2=" ">
    <subfield code="0">0</subfield>
    <subfield code="1">0</subfield>
    <subfield code="2">ddc</subfield>
    <subfield code="4">0</subfield>
    <subfield code="5">6</subfield>
    <subfield code="7">0</subfield>
    <subfield code="8">SE</subfield>
    <subfield code="a">BNPHU</subfield>
    <subfield code="b">BNPHU</subfield>
    <subfield code="d">2026-03-16</subfield>
    <subfield code="h">A&#xF1;o 2. No.6, mayo-junio 2008</subfield>
    <subfield code="l">0</subfield>
    <subfield code="p">2026-2251</subfield>
    <subfield code="r">2026-03-16</subfield>
    <subfield code="t">e.3</subfield>
    <subfield code="w">2026-03-16</subfield>
    <subfield code="y">ISSUE</subfield>
    <subfield code="z">Vista al Valle, el nuevo modelo Penitenciario en San Francisco de Macor&#xED;s.</subfield>
  </datafield>
  <datafield tag="952" ind1=" " ind2=" ">
    <subfield code="0">0</subfield>
    <subfield code="1">0</subfield>
    <subfield code="2">ddc</subfield>
    <subfield code="4">0</subfield>
    <subfield code="5">6</subfield>
    <subfield code="7">0</subfield>
    <subfield code="8">SE</subfield>
    <subfield code="a">BNPHU</subfield>
    <subfield code="b">BNPHU</subfield>
    <subfield code="d">2026-03-16</subfield>
    <subfield code="h">A&#xF1;o 2. No.6, mayo-junio 2008</subfield>
    <subfield code="l">0</subfield>
    <subfield code="p">2026-2252</subfield>
    <subfield code="r">2026-03-16</subfield>
    <subfield code="t">e.4</subfield>
    <subfield code="w">2026-03-16</subfield>
    <subfield code="y">ISSUE</subfield>
    <subfield code="z">Vista al Valle, el nuevo modelo Penitenciario en San Francisco de Macor&#xED;s.</subfield>
  </datafield>
  <datafield tag="952" ind1=" " ind2=" ">
    <subfield code="0">0</subfield>
    <subfield code="1">0</subfield>
    <subfield code="2">ddc</subfield>
    <subfield code="4">0</subfield>
    <subfield code="5">6</subfield>
    <subfield code="7">0</subfield>
    <subfield code="8">SE</subfield>
    <subfield code="a">BNPHU</subfield>
    <subfield code="b">BNPHU</subfield>
    <subfield code="d">2026-03-16</subfield>
    <subfield code="h">A&#xF1;o 2. No.7, julio-agosto 2008</subfield>
    <subfield code="l">0</subfield>
    <subfield code="p">2026-2253</subfield>
    <subfield code="r">2026-03-16</subfield>
    <subfield code="t">e.1</subfield>
    <subfield code="w">2026-03-16</subfield>
    <subfield code="y">ISSUE</subfield>
    <subfield code="z">Radham&#xE9;s Jim&#xE9;nez Pe&#xF1;a, la reafirmaci&#xF3;n del compromiso.</subfield>
  </datafield>
  <datafield tag="952" ind1=" " ind2=" ">
    <subfield code="0">0</subfield>
    <subfield code="1">0</subfield>
    <subfield code="2">ddc</subfield>
    <subfield code="4">0</subfield>
    <subfield code="5">6</subfield>
    <subfield code="7">0</subfield>
    <subfield code="8">SE</subfield>
    <subfield code="a">BNPHU</subfield>
    <subfield code="b">BNPHU</subfield>
    <subfield code="d">2026-03-16</subfield>
    <subfield code="h">A&#xF1;o 2. No.7, julio-agosto 2008</subfield>
    <subfield code="l">0</subfield>
    <subfield code="p">2026-2254</subfield>
    <subfield code="r">2026-03-16</subfield>
    <subfield code="t">e.2</subfield>
    <subfield code="w">2026-03-16</subfield>
    <subfield code="y">ISSUE</subfield>
    <subfield code="z">Radham&#xE9;s Jim&#xE9;nez Pe&#xF1;a, la reafirmaci&#xF3;n del compromiso.</subfield>
  </datafield>
  <datafield tag="952" ind1=" " ind2=" ">
    <subfield code="0">0</subfield>
    <subfield code="1">0</subfield>
    <subfield code="2">ddc</subfield>
    <subfield code="4">0</subfield>
    <subfield code="5">6</subfield>
    <subfield code="7">0</subfield>
    <subfield code="8">SE</subfield>
    <subfield code="a">BNPHU</subfield>
    <subfield code="b">BNPHU</subfield>
    <subfield code="d">2026-03-16</subfield>
    <subfield code="h">A&#xF1;o 2. No.8, septiembre-octubre 2008</subfield>
    <subfield code="l">0</subfield>
    <subfield code="p">2026-2255</subfield>
    <subfield code="r">2026-03-16</subfield>
    <subfield code="t">e.1</subfield>
    <subfield code="w">2026-03-16</subfield>
    <subfield code="y">ISSUE</subfield>
    <subfield code="z">Proyecto Penitenciario Salcedo, abriendo caminos.</subfield>
  </datafield>
  <datafield tag="952" ind1=" " ind2=" ">
    <subfield code="0">0</subfield>
    <subfield code="1">0</subfield>
    <subfield code="2">ddc</subfield>
    <subfield code="4">0</subfield>
    <subfield code="5">6</subfield>
    <subfield code="7">0</subfield>
    <subfield code="8">SE</subfield>
    <subfield code="a">BNPHU</subfield>
    <subfield code="b">BNPHU</subfield>
    <subfield code="d">2026-03-16</subfield>
    <subfield code="h">A&#xF1;o 2. No.8, septiembre-octubre 2008</subfield>
    <subfield code="l">0</subfield>
    <subfield code="p">2026-2256</subfield>
    <subfield code="r">2026-03-16</subfield>
    <subfield code="t">e.2</subfield>
    <subfield code="w">2026-03-16</subfield>
    <subfield code="y">ISSUE</subfield>
    <subfield code="z">Proyecto Penitenciario Salcedo, abriendo caminos.</subfield>
  </datafield>
  <datafield tag="952" ind1=" " ind2=" ">
    <subfield code="0">0</subfield>
    <subfield code="1">0</subfield>
    <subfield code="2">ddc</subfield>
    <subfield code="4">0</subfield>
    <subfield code="5">6</subfield>
    <subfield code="7">0</subfield>
    <subfield code="8">SE</subfield>
    <subfield code="a">BNPHU</subfield>
    <subfield code="b">BNPHU</subfield>
    <subfield code="d">2026-03-16</subfield>
    <subfield code="h">A&#xF1;o 2. No.9, noviembre-diciembre 2008</subfield>
    <subfield code="l">0</subfield>
    <subfield code="p">2026-2257</subfield>
    <subfield code="r">2026-03-16</subfield>
    <subfield code="t">e.1</subfield>
    <subfield code="w">2026-03-16</subfield>
    <subfield code="y">ISSUE</subfield>
    <subfield code="z">Tolerancia cero, hacia la Violencia de G&#xE9;nero.</subfield>
  </datafield>
  <datafield tag="952" ind1=" " ind2=" ">
    <subfield code="0">0</subfield>
    <subfield code="1">0</subfield>
    <subfield code="2">ddc</subfield>
    <subfield code="4">0</subfield>
    <subfield code="5">6</subfield>
    <subfield code="7">0</subfield>
    <subfield code="8">SE</subfield>
    <subfield code="a">BNPHU</subfield>
    <subfield code="b">BNPHU</subfield>
    <subfield code="d">2026-03-16</subfield>
    <subfield code="h">A&#xF1;o 2. No.9, noviembre-diciembre 2008</subfield>
    <subfield code="l">0</subfield>
    <subfield code="p">2026-2258</subfield>
    <subfield code="r">2026-03-16</subfield>
    <subfield code="t">e.2</subfield>
    <subfield code="w">2026-03-16</subfield>
    <subfield code="y">ISSUE</subfield>
    <subfield code="z">Tolerancia cero, hacia la Violencia de G&#xE9;nero.</subfield>
  </datafield>
  <datafield tag="952" ind1=" " ind2=" ">
    <subfield code="0">0</subfield>
    <subfield code="1">0</subfield>
    <subfield code="2">ddc</subfield>
    <subfield code="4">0</subfield>
    <subfield code="5">6</subfield>
    <subfield code="7">0</subfield>
    <subfield code="8">SE</subfield>
    <subfield code="a">BNPHU</subfield>
    <subfield code="b">BNPHU</subfield>
    <subfield code="d">2026-03-16</subfield>
    <subfield code="h">A&#xF1;o 3. No.10, enero-febrero 2009</subfield>
    <subfield code="l">0</subfield>
    <subfield code="p">2026-2259</subfield>
    <subfield code="r">2026-03-16</subfield>
    <subfield code="t">e.1</subfield>
    <subfield code="w">2026-03-16</subfield>
    <subfield code="y">ISSUE</subfield>
    <subfield code="z">La Patria somos todos.</subfield>
  </datafield>
  <datafield tag="952" ind1=" " ind2=" ">
    <subfield code="0">0</subfield>
    <subfield code="1">0</subfield>
    <subfield code="2">ddc</subfield>
    <subfield code="4">0</subfield>
    <subfield code="5">6</subfield>
    <subfield code="7">0</subfield>
    <subfield code="8">SE</subfield>
    <subfield code="a">BNPHU</subfield>
    <subfield code="b">BNPHU</subfield>
    <subfield code="d">2026-03-16</subfield>
    <subfield code="h">A&#xF1;o 3. No.10, enero-febrero 2009</subfield>
    <subfield code="l">0</subfield>
    <subfield code="p">2026-2260</subfield>
    <subfield code="r">2026-03-16</subfield>
    <subfield code="t">e.2</subfield>
    <subfield code="w">2026-03-16</subfield>
    <subfield code="y">ISSUE</subfield>
    <subfield code="z">La Patria somos todos.</subfield>
  </datafield>
  <datafield tag="952" ind1=" " ind2=" ">
    <subfield code="0">0</subfield>
    <subfield code="1">0</subfield>
    <subfield code="2">ddc</subfield>
    <subfield code="4">0</subfield>
    <subfield code="5">6</subfield>
    <subfield code="7">0</subfield>
    <subfield code="8">SE</subfield>
    <subfield code="a">BNPHU</subfield>
    <subfield code="b">BNPHU</subfield>
    <subfield code="d">2026-03-16</subfield>
    <subfield code="h">A&#xF1;o 3. No.10, enero-febrero 2009</subfield>
    <subfield code="l">0</subfield>
    <subfield code="p">2026-2261</subfield>
    <subfield code="r">2026-03-16</subfield>
    <subfield code="t">e.3</subfield>
    <subfield code="w">2026-03-16</subfield>
    <subfield code="y">ISSUE</subfield>
    <subfield code="z">La Patria somos todos.</subfield>
  </datafield>
  <datafield tag="952" ind1=" " ind2=" ">
    <subfield code="0">0</subfield>
    <subfield code="1">0</subfield>
    <subfield code="2">ddc</subfield>
    <subfield code="4">0</subfield>
    <subfield code="5">6</subfield>
    <subfield code="7">0</subfield>
    <subfield code="8">SE</subfield>
    <subfield code="a">BNPHU</subfield>
    <subfield code="b">BNPHU</subfield>
    <subfield code="d">2026-03-16</subfield>
    <subfield code="h">A&#xF1;o 3. No.11, marzo-abril 2009</subfield>
    <subfield code="l">0</subfield>
    <subfield code="p">2026-2262</subfield>
    <subfield code="r">2026-03-16</subfield>
    <subfield code="t">e.1</subfield>
    <subfield code="w">2026-03-16</subfield>
    <subfield code="y">ISSUE</subfield>
    <subfield code="z">Vigencia y diversidad de los Derechos Humanos.</subfield>
  </datafield>
  <datafield tag="952" ind1=" " ind2=" ">
    <subfield code="0">0</subfield>
    <subfield code="1">0</subfield>
    <subfield code="2">ddc</subfield>
    <subfield code="4">0</subfield>
    <subfield code="5">6</subfield>
    <subfield code="7">0</subfield>
    <subfield code="8">SE</subfield>
    <subfield code="a">BNPHU</subfield>
    <subfield code="b">BNPHU</subfield>
    <subfield code="d">2026-03-16</subfield>
    <subfield code="h">A&#xF1;o 3. No.11, marzo-abril 2009</subfield>
    <subfield code="l">0</subfield>
    <subfield code="p">2026-2263</subfield>
    <subfield code="r">2026-03-16</subfield>
    <subfield code="t">e.2</subfield>
    <subfield code="w">2026-03-16</subfield>
    <subfield code="y">ISSUE</subfield>
    <subfield code="z">Vigencia y diversidad de los Derechos Humanos.</subfield>
  </datafield>
  <datafield tag="952" ind1=" " ind2=" ">
    <subfield code="0">0</subfield>
    <subfield code="1">0</subfield>
    <subfield code="2">ddc</subfield>
    <subfield code="4">0</subfield>
    <subfield code="5">6</subfield>
    <subfield code="7">0</subfield>
    <subfield code="8">SE</subfield>
    <subfield code="a">BNPHU</subfield>
    <subfield code="b">BNPHU</subfield>
    <subfield code="d">2026-03-16</subfield>
    <subfield code="h">A&#xF1;o 3. No.12, mayo-junio 2009</subfield>
    <subfield code="l">0</subfield>
    <subfield code="p">2026-2264</subfield>
    <subfield code="r">2026-03-16</subfield>
    <subfield code="t">e.1</subfield>
    <subfield code="w">2026-03-16</subfield>
    <subfield code="y">ISSUE</subfield>
    <subfield code="z">Juan Bosch, un referente moral.</subfield>
  </datafield>
  <datafield tag="952" ind1=" " ind2=" ">
    <subfield code="0">0</subfield>
    <subfield code="1">0</subfield>
    <subfield code="2">ddc</subfield>
    <subfield code="4">0</subfield>
    <subfield code="5">6</subfield>
    <subfield code="7">0</subfield>
    <subfield code="8">SE</subfield>
    <subfield code="a">BNPHU</subfield>
    <subfield code="b">BNPHU</subfield>
    <subfield code="d">2026-03-16</subfield>
    <subfield code="h">A&#xF1;o 3. No.12, mayo-junio 2009</subfield>
    <subfield code="l">0</subfield>
    <subfield code="p">2026-2265</subfield>
    <subfield code="r">2026-03-16</subfield>
    <subfield code="t">e.2</subfield>
    <subfield code="w">2026-03-16</subfield>
    <subfield code="y">ISSUE</subfield>
    <subfield code="z">Juan Bosch, un referente moral.</subfield>
  </datafield>
  <datafield tag="952" ind1=" " ind2=" ">
    <subfield code="0">0</subfield>
    <subfield code="1">0</subfield>
    <subfield code="2">ddc</subfield>
    <subfield code="4">0</subfield>
    <subfield code="5">6</subfield>
    <subfield code="7">0</subfield>
    <subfield code="8">SE</subfield>
    <subfield code="a">BNPHU</subfield>
    <subfield code="b">BNPHU</subfield>
    <subfield code="d">2026-03-16</subfield>
    <subfield code="h">A&#xF1;o 3. No.12, mayo-junio 2009</subfield>
    <subfield code="l">0</subfield>
    <subfield code="p">2026-2266</subfield>
    <subfield code="r">2026-03-16</subfield>
    <subfield code="t">e.3</subfield>
    <subfield code="w">2026-03-16</subfield>
    <subfield code="y">ISSUE</subfield>
    <subfield code="z">Juan Bosch, un referente moral.</subfield>
  </datafield>
  <datafield tag="952" ind1=" " ind2=" ">
    <subfield code="0">0</subfield>
    <subfield code="1">0</subfield>
    <subfield code="2">ddc</subfield>
    <subfield code="4">0</subfield>
    <subfield code="5">6</subfield>
    <subfield code="7">0</subfield>
    <subfield code="8">SE</subfield>
    <subfield code="a">BNPHU</subfield>
    <subfield code="b">BNPHU</subfield>
    <subfield code="d">2026-03-16</subfield>
    <subfield code="h">A&#xF1;o 3. No.13, julio-agosto 2009</subfield>
    <subfield code="l">0</subfield>
    <subfield code="p">2026-2267</subfield>
    <subfield code="r">2026-03-16</subfield>
    <subfield code="t">e.1</subfield>
    <subfield code="w">2026-03-16</subfield>
    <subfield code="y">ISSUE</subfield>
    <subfield code="z">Pa&#xED;s cuenta ya con 668 fiscales de carrera.</subfield>
  </datafield>
  <datafield tag="952" ind1=" " ind2=" ">
    <subfield code="0">0</subfield>
    <subfield code="1">0</subfield>
    <subfield code="2">ddc</subfield>
    <subfield code="4">0</subfield>
    <subfield code="5">6</subfield>
    <subfield code="7">0</subfield>
    <subfield code="8">SE</subfield>
    <subfield code="a">BNPHU</subfield>
    <subfield code="b">BNPHU</subfield>
    <subfield code="d">2026-03-16</subfield>
    <subfield code="h">A&#xF1;o 3. No.13, julio-agosto 2009</subfield>
    <subfield code="l">0</subfield>
    <subfield code="p">2026-2268</subfield>
    <subfield code="r">2026-03-16</subfield>
    <subfield code="t">e.2</subfield>
    <subfield code="w">2026-03-16</subfield>
    <subfield code="y">ISSUE</subfield>
    <subfield code="z">Pa&#xED;s cuenta ya con 668 fiscales de carrera.</subfield>
  </datafield>
  <datafield tag="952" ind1=" " ind2=" ">
    <subfield code="0">0</subfield>
    <subfield code="1">0</subfield>
    <subfield code="2">ddc</subfield>
    <subfield code="4">0</subfield>
    <subfield code="5">6</subfield>
    <subfield code="7">0</subfield>
    <subfield code="8">SE</subfield>
    <subfield code="a">BNPHU</subfield>
    <subfield code="b">BNPHU</subfield>
    <subfield code="d">2026-03-16</subfield>
    <subfield code="h">A&#xF1;o 2. No.14, septiembre-diciembre 2009</subfield>
    <subfield code="l">0</subfield>
    <subfield code="p">2026-2269</subfield>
    <subfield code="r">2026-03-16</subfield>
    <subfield code="t">e.1</subfield>
    <subfield code="w">2026-03-16</subfield>
    <subfield code="y">ISSUE</subfield>
    <subfield code="z">Moca se integra al nuevo Modelo Penitenciario.</subfield>
  </datafield>
  <datafield tag="952" ind1=" " ind2=" ">
    <subfield code="0">0</subfield>
    <subfield code="1">0</subfield>
    <subfield code="2">ddc</subfield>
    <subfield code="4">0</subfield>
    <subfield code="5">6</subfield>
    <subfield code="7">0</subfield>
    <subfield code="8">SE</subfield>
    <subfield code="a">BNPHU</subfield>
    <subfield code="b">BNPHU</subfield>
    <subfield code="d">2026-03-16</subfield>
    <subfield code="h">A&#xF1;o 2. No.14, septiembre-diciembre 2009</subfield>
    <subfield code="l">0</subfield>
    <subfield code="p">2026-2270</subfield>
    <subfield code="r">2026-03-16</subfield>
    <subfield code="t">e.2</subfield>
    <subfield code="w">2026-03-16</subfield>
    <subfield code="y">ISSUE</subfield>
    <subfield code="z">Moca se integra al nuevo Modelo Penitenciario.</subfield>
  </datafield>
  <datafield tag="952" ind1=" " ind2=" ">
    <subfield code="0">0</subfield>
    <subfield code="1">0</subfield>
    <subfield code="2">ddc</subfield>
    <subfield code="4">0</subfield>
    <subfield code="5">6</subfield>
    <subfield code="7">0</subfield>
    <subfield code="8">SE</subfield>
    <subfield code="a">BNPHU</subfield>
    <subfield code="b">BNPHU</subfield>
    <subfield code="d">2026-03-16</subfield>
    <subfield code="h">A&#xF1;o 2. No.14, septiembre-diciembre 2009</subfield>
    <subfield code="l">0</subfield>
    <subfield code="p">2026-2271</subfield>
    <subfield code="r">2026-03-16</subfield>
    <subfield code="t">e.3</subfield>
    <subfield code="w">2026-03-16</subfield>
    <subfield code="y">ISSUE</subfield>
    <subfield code="z">Moca se integra al nuevo Modelo Penitenciario.</subfield>
  </datafield>
  <datafield tag="952" ind1=" " ind2=" ">
    <subfield code="0">0</subfield>
    <subfield code="1">0</subfield>
    <subfield code="2">ddc</subfield>
    <subfield code="4">0</subfield>
    <subfield code="5">6</subfield>
    <subfield code="7">0</subfield>
    <subfield code="8">SE</subfield>
    <subfield code="a">BNPHU</subfield>
    <subfield code="b">BNPHU</subfield>
    <subfield code="d">2026-03-16</subfield>
    <subfield code="h">A&#xF1;o 2. No.14, septiembre-diciembre 2009</subfield>
    <subfield code="l">0</subfield>
    <subfield code="p">2026-2272</subfield>
    <subfield code="r">2026-03-16</subfield>
    <subfield code="t">e.4</subfield>
    <subfield code="w">2026-03-16</subfield>
    <subfield code="y">ISSUE</subfield>
    <subfield code="z">Moca se integra al nuevo Modelo Penitenciario.</subfield>
  </datafield>
  <datafield tag="952" ind1=" " ind2=" ">
    <subfield code="0">0</subfield>
    <subfield code="1">0</subfield>
    <subfield code="2">ddc</subfield>
    <subfield code="4">0</subfield>
    <subfield code="5">6</subfield>
    <subfield code="7">0</subfield>
    <subfield code="8">SE</subfield>
    <subfield code="a">BNPHU</subfield>
    <subfield code="b">BNPHU</subfield>
    <subfield code="d">2026-03-16</subfield>
    <subfield code="h">A&#xF1;o 4. No.15, enero-febrero 2010</subfield>
    <subfield code="l">0</subfield>
    <subfield code="p">2026-2273</subfield>
    <subfield code="r">2026-03-16</subfield>
    <subfield code="t">e.1</subfield>
    <subfield code="w">2026-03-16</subfield>
    <subfield code="y">ISSUE</subfield>
    <subfield code="z">La Nueva Constituci&#xF3;n: La naci&#xF3;n dominicana y los derechos ciudadanos.</subfield>
  </datafield>
  <datafield tag="952" ind1=" " ind2=" ">
    <subfield code="0">0</subfield>
    <subfield code="1">0</subfield>
    <subfield code="2">ddc</subfield>
    <subfield code="4">0</subfield>
    <subfield code="5">6</subfield>
    <subfield code="7">0</subfield>
    <subfield code="8">SE</subfield>
    <subfield code="a">BNPHU</subfield>
    <subfield code="b">BNPHU</subfield>
    <subfield code="d">2026-03-16</subfield>
    <subfield code="h">A&#xF1;o 4. No.15, enero-febrero 2010</subfield>
    <subfield code="l">0</subfield>
    <subfield code="p">2026-2274</subfield>
    <subfield code="r">2026-03-16</subfield>
    <subfield code="t">e.2</subfield>
    <subfield code="w">2026-03-16</subfield>
    <subfield code="y">ISSUE</subfield>
    <subfield code="z">La Nueva Constituci&#xF3;n: La naci&#xF3;n dominicana y los derechos ciudadanos.</subfield>
  </datafield>
  <datafield tag="952" ind1=" " ind2=" ">
    <subfield code="0">0</subfield>
    <subfield code="1">0</subfield>
    <subfield code="2">ddc</subfield>
    <subfield code="4">0</subfield>
    <subfield code="5">6</subfield>
    <subfield code="7">0</subfield>
    <subfield code="8">SE</subfield>
    <subfield code="a">BNPHU</subfield>
    <subfield code="b">BNPHU</subfield>
    <subfield code="d">2026-03-16</subfield>
    <subfield code="h">A&#xF1;o 4. No.16, marzo-abril 2010</subfield>
    <subfield code="l">0</subfield>
    <subfield code="p">2026-2275</subfield>
    <subfield code="r">2026-03-16</subfield>
    <subfield code="t">e.1</subfield>
    <subfield code="w">2026-03-16</subfield>
    <subfield code="y">ISSUE</subfield>
    <subfield code="z">Las pruebas en los casos de la criminalidad organizada. </subfield>
  </datafield>
  <datafield tag="952" ind1=" " ind2=" ">
    <subfield code="0">0</subfield>
    <subfield code="1">0</subfield>
    <subfield code="2">ddc</subfield>
    <subfield code="4">0</subfield>
    <subfield code="5">6</subfield>
    <subfield code="7">0</subfield>
    <subfield code="8">SE</subfield>
    <subfield code="a">BNPHU</subfield>
    <subfield code="b">BNPHU</subfield>
    <subfield code="d">2026-03-16</subfield>
    <subfield code="h">A&#xF1;o 4. No.16, marzo-abril 2010</subfield>
    <subfield code="l">0</subfield>
    <subfield code="p">2026-2276</subfield>
    <subfield code="r">2026-03-16</subfield>
    <subfield code="t">e.2</subfield>
    <subfield code="w">2026-03-16</subfield>
    <subfield code="y">ISSUE</subfield>
    <subfield code="z">Las pruebas en los casos de la criminalidad organizada. </subfield>
  </datafield>
  <datafield tag="952" ind1=" " ind2=" ">
    <subfield code="0">0</subfield>
    <subfield code="1">0</subfield>
    <subfield code="2">ddc</subfield>
    <subfield code="4">0</subfield>
    <subfield code="5">6</subfield>
    <subfield code="7">0</subfield>
    <subfield code="8">SE</subfield>
    <subfield code="a">BNPHU</subfield>
    <subfield code="b">BNPHU</subfield>
    <subfield code="d">2026-03-16</subfield>
    <subfield code="h">A&#xF1;o 4. No.17, agosto 2010</subfield>
    <subfield code="l">0</subfield>
    <subfield code="p">2026-2277</subfield>
    <subfield code="r">2026-03-16</subfield>
    <subfield code="t">e.1</subfield>
    <subfield code="w">2026-03-16</subfield>
    <subfield code="y">ISSUE</subfield>
    <subfield code="z">La justicia vista por juristas y magistrados. Edici&#xF3;n Aniversario.</subfield>
  </datafield>
  <datafield tag="952" ind1=" " ind2=" ">
    <subfield code="0">0</subfield>
    <subfield code="1">0</subfield>
    <subfield code="2">ddc</subfield>
    <subfield code="4">0</subfield>
    <subfield code="5">6</subfield>
    <subfield code="7">0</subfield>
    <subfield code="8">SE</subfield>
    <subfield code="a">BNPHU</subfield>
    <subfield code="b">BNPHU</subfield>
    <subfield code="d">2026-03-16</subfield>
    <subfield code="h">A&#xF1;o 4. No.18, octubre-diciembre 2010</subfield>
    <subfield code="l">0</subfield>
    <subfield code="p">2026-2278</subfield>
    <subfield code="r">2026-03-16</subfield>
    <subfield code="t">e.1</subfield>
    <subfield code="w">2026-03-16</subfield>
    <subfield code="y">ISSUE</subfield>
    <subfield code="z">La pol&#xED;tica criminal del Estado.</subfield>
  </datafield>
  <datafield tag="999" ind1=" " ind2=" ">
    <subfield code="c">60507</subfield>
    <subfield code="d">60507</subfield>
  </datafield>
</record>
